Normal view MARC view

Entry Personal Name

Number of records used in: 7

001 - CONTROL NUMBER

  • control field: 28049

003 - CONTROL NUMBER IDENTIFIER

  • control field: OSt

005 - DATE AND TIME OF LATEST TRANSACTION

  • control field: 20260609153646.0

008 - FIXED-LENGTH DATA ELEMENTS

  • fixed length control field: 260609|| aca||aabn | a|a d

040 ## - CATALOGING SOURCE

  • Original cataloging agency: OSt
  • Transcribing agency: OSt

100 ## - HEADING--PERSONAL NAME

  • Personal name: Jensen, Eric

670 ## - SOURCE DATA FOUND

  • Source citation: Work cat.: (OSt)23710: Jensen, Eric , Teaching with Poverty in Mind: What Being Poor Does to Kids' Brains and what Schools Can do About It , 2009

Powered by Koha